Central Library OPAC University of Rajshahi

Julius Caesar / (Record no. 19084)

MARC details
000 -LEADER
fixed length control field 00702nam a2200241I 4500
001 - CONTROL NUMBER
control field 19084
003 - CONTROL NUMBER IDENTIFIER
rucl marc code BD-RjUL
005 - DATE AND TIME OF LATEST TRANSACTION
control field 20211209000400.0
008 - FIXED-LENGTH DATA ELEMENTS--GENERAL INFORMATION
fixed length control field 140223r1936 enk 00100 eng u
035 ## - SYSTEM CONTROL NUMBER
System control number (BD-RjUL)19142
040 ## - CATALOGING SOURCE
Transcribing agency CKM
Modifying agency m.c.
-- BOS
Original cataloging agency BD-RjUL
Language of cataloging eng
041 ## - LANGUAGE CODE
Language code of text/sound track or separate title eng
082 ## - DEWEY DECIMAL CLASSIFICATION NUMBER
Classification number 822.33
Author mark and year SHJ 1936
099 #1 - LOCAL FREE-TEXT CALL NUMBER (OCLC)
Bangla Class number BU
-- Fac
-- B54sj
100 10 - MAIN ENTRY--PERSONAL NAME
Personal name Shakespeare, William,
Dates associated with a name 1564-1616.
9 (RLIN) 58833
245 10 - TITLE STATEMENT
Title Julius Caesar /
Statement of responsibility, etc. edited by A. W. Verity
260 ## - PUBLICATION, DISTRIBUTION, ETC. (IMPRINT)
Place of publication, distribution, etc. Cambridge :
Name of publisher, distributor, etc. At The University Press,
Date of publication, distribution, etc. [Reprinted 1936].
300 ## - PHYSICAL DESCRIPTION
Pagination xxxiv, 209 p. ;
Size 17 cm.
504 ## - BIBLIOGRAPHY, ETC. NOTE
Bibliography, etc Includes index.
650 #0 - SUBJECT ADDED ENTRY--TOPICAL TERM
Topical term or geographic name as entry element Caesar, Julius
Form subdivision Drama.
9 (RLIN) 58834
700 10 - ADDED ENTRY--PERSONAL NAME
Personal name Verity, A. W.
942 ## - ADDED ENTRY ELEMENTS (KOHA)
Source of classification or shelving scheme Dewey Decimal Classification
Koha item type Books
Holdings
Lost status Source of classification or shelving scheme Damaged status Not for loan Collection code Permanent Location Current Location Shelving location Date acquired Source of acquisition Total Checkouts Full call number Date last seen Copy number Koha item type Cost, normal purchase price
  Dewey Decimal Classification     Fiction Central Library, University of Rajshahi Central Library, University of Rajshahi   13/04/1966 Asia foundation   822.33 SHJ 1936 23/02/2014 C-5 Books  
  Dewey Decimal Classification     Non-fiction Central Library, University of Rajshahi Central Library, University of Rajshahi   13/04/1966 commonwealth Australia   822.33 SHJ 1947 24/02/2014 C-2 Books  
  Dewey Decimal Classification       Central Library, University of Rajshahi Central Library, University of Rajshahi   13/04/1966 Australia.   822.33 SHJ 1943 25/02/2014 C-7 Books 0.00
  Dewey Decimal Classification     Fiction Central Library, University of Rajshahi Central Library, University of Rajshahi   13/04/1966 Common wealth Australia   822.33 SHJ 1947 25/02/2014 C-8 Books